000 01163nam a2200301Ia 4500
001 ebr10319010
003 CaPaEBR
006 m u
007 cr cn|||||||||
008 090609s2009 njua sb 001 0 eng d
010 _z 2009022672
020 _z9780470057131 (cloth)
040 _aCaPaEBR
_cCaPaEBR
035 _a(OCoLC)441893144
050 1 4 _aTK2861
_b.P48 2009eb
100 1 _aPhadke, Arun G.
245 1 0 _aComputer relaying for power systems
_h[electronic resource] /
_cArun G. Phadke.
250 _a2nd ed.
260 _aHoboken, NJ :
_bJohn Wiley & Sons,
_c2009.
300 _axviii, 326 p. :
_bill.
504 _aIncludes bibliographical references and index.
533 _aElectronic reproduction.
_bPalo Alto, Calif. :
_cebrary,
_d2009.
_nAvailable via World Wide Web.
_nAccess may be limited to ebrary affiliated libraries.
650 0 _aProtective relays.
650 0 _aElectric power systems
_xProtection
_xData processing.
655 7 _aElectronic books.
_2local
710 2 _aebrary, Inc.
856 4 0 _uhttp://site.ebrary.com/lib/rucke/Doc?id=10319010
_zAn electronic book accessible through the World Wide Web; click to view
999 _c59188
_d59188